KOHA-Header-6

Perspectives On Sociaty & Environment (Record no. 2958)

000 -LEADER
fixed length control field 00273nam a2200109Ia 4500
008 - FIXED-LENGTH DATA ELEMENTS--GENERAL INFORMATION
fixed length control field 190902s9999||||xx |||||||||||||| ||und||
100 ## - MAIN ENTRY--PERSONAL NAME
Personal name Margaret McKenna
245 #0 - TITLE STATEMENT
Title Perspectives On Sociaty & Environment
260 ## - PUBLICATION, DISTRIBUTION, ETC. (IMPRINT)
Place of publication, distribution, etc UK
Name of publisher, distributor, etc Prentice Hall
Date of publication, distribution, etc 1996
300 ## - PHYSICAL DESCRIPTION
Extent 240
942 ## - ADDED ENTRY ELEMENTS (KOHA)
Koha item type Books
Holdings
Withdrawn status Lost status Source of classification or shelving scheme Damaged status Not for loan Collection code Permanent Location Current Location Shelving location Date acquired Full call number Barcode Date last seen Price effective from Koha item type
          English Literature MAJU MAJU Shelf No.A14 2019-09-02 612.044 6635 2019-09-02 2019-09-02 English Literature

Powered by Koha